Caricamento...

Portable film school : Everything you'd learn in film school (without ever going to class) /

Dettagli Bibliografici
Autore principale: Gilles, D B
Natura: Printed Book
Lingua:English
Pubblicazione: New York: St. Martin's Griffin, 2005.
LEADER 00721nam a2200145Ia 4500
008 121027s9999 xx 000 0 eng d
020 |a 312347383 
082 |a 791.4307  |b GIL/P 
100 |a Gilles, D B 
245 |a Portable film school : Everything you'd learn in film school (without ever going to class) / 
260 |a New York:  |b St. Martin's Griffin,  |c 2005. 
300 |a 252 p. 
505 |a 1. Curriculum 2. Storytelling 3. Filmmaking 4. Dialogue and characterization 5. Screenwriting 6. How to be a well-rounded writer, director, and all-round film buff. 
999 |c 55418  |d 55418 
952 |0 0  |1 0  |4 0  |6 791_430700000000000_GIL_P  |7 0  |9 55396  |a UL  |b UL  |c ST1  |d 2012-10-27  |l 13  |m 8  |o 791.4307 GIL/P  |p 79782  |r 2019-12-05  |s 2019-11-23  |w 2012-10-27  |y BK